Statistics for Sandwiches by Description

Click here to take the quiz!

General Stats

  • This quiz has been taken 5,706 times
  • The average score is 12 of 20

Answer Stats

Description Sandwich % Correct
Bacon, lettuce and tomatoBLT
97%
What McDonald's and Five Guys serveHamburger
93%
Traditionally, the most common sandwich in an American child's lunch boxPeanut Butter and Jelly
83%
Iconic Philadelphia sandwichCheesesteak
79%
Mini version of the aboveSlider
78%
Sandwich named after a naval vessel – also called a hoagieSubmarine
77%
Corn beef, swiss cheese, sauerkraut and Russian dressing on ryeReuben
72%
A sandwich that is pressed in the Italian fashionPanini
65%
Peanut butter, banana and bacon sandwich named after a singerElvis
63%
Ground beef mixed with onions and ketchup on a bunSloppy Joe
60%
Louisiana sandwich, usually fried seafood on French breadPo' Boy
60%
Pita sandwich with meat, onions, tomato and tzatziki sauceGyro
59%
Like the above, but with turkeyClub
55%
Australian yeast-extract sandwichVegemite
53%
Roast beef on a baguette, served au jusFrench Dip
50%
Super tall sandwich named after Blondie's husband in the funny pagesDagwood
46%
French grilled ham and cheese sandwich{Croque}-monsieur
35%
Peanut butter and marshmallow fluff sandwichFluffernutter
28%
Mexican sandwichTorta
26%
Vietnamese baguette sandwichBánh mì
20%

Score Distribution

Percentile by Number Answered

Percent of People with Each Score

Your Score History

You have not taken this quiz